Guess the Farm Animals by their Eyes - Statistics

General Stats
  • This quiz has been taken 260 times
  • The average score is 10 of 12
Answer Stats
Picture Answer % Correct
Chicken
95%
Cow
95%
Dog
95%
Goat
92%
Duck
88%
Sheep
87%
Pig
84%
Turkey
84%
Rabbit
82%
Donkey
63%
Deer
50%
Alpaca
36%
No matching quizzes found
Score Distribution
Percent of People with Each Score
Percentile by Number Answered
Your Score History
You have not taken this quiz